[Event "11. Senioren Team Europameiste"]
[Site "Velden - Casino"]
[Date "2009.04.07"]
[Round "3"]
[Board "3"]
[White "Hurme, Harri M"]
[Black "Hasberger, Walter"]
[Result "1-0"]
[WhiteElo "2241"]
[BlackElo "1904"]
[PlyCount "75"]
[EventDate "2009.04.05"]
[EventType "team"]
[EventRounds "9"]
[EventCountry "AUT"]
[WhiteTeam "Finland"]
[BlackTeam "ESV ASKOE ADMIRA VILLACH"]

1.d4 d5 2.c4 c6 3.cxd5 cxd5 4.Nc3 Nf6 5.Bf4 e6 6.e3 Be7 7.h3 O-O 8.Nf3 Bd6 9.Bd3
Nc6 10.O-O Ne7 11.Ne5 Ng6 12.Bh2 Bxe5 13.dxe5 Nd7 14.f4 Qb6 15.Qe2 Nc5 16.Bb1 f5
17.exf6 Rxf6 18.f5 Nf8 19.Be5 Rf7 20.f6 g6 21.Bd4 Qa5 22.Qb5 Qxb5 23.Nxb5 b6
24.Nd6 Ba6 25.Nxf7 Kxf7 26.Rf2 Ncd7 27.g4 e5 28.Bc3 h6 29.h4 Rc8 30.Bc2 Rc4
31.Bd1 Bb7 32.Bf3 Ke6 33.Raf1 Nxf6 34.Be2 Nxg4 35.Rxf8 Nxe3 36.R1f6+ Kd7
37.R8f7+ Kc8 38.Rxg6

[Event "11. Senioren Team Europameiste"]
[Site "Velden - Casino"]
[Date "2009.04.07"]
[Round "3"]
[Board "4"]
[White "Kummer, Heinz"]
[Black "Kivipelto, Kaj-Erik"]
[Result "0-1"]
[WhiteElo "1857"]
[BlackElo "2219"]
[PlyCount "96"]
[EventDate "2009.04.05"]
[EventType "team"]
[EventRounds "9"]
[EventCountry "AUT"]
[WhiteTeam "ESV ASKOE ADMIRA VILLACH"]
[BlackTeam "Finland"]

1.e4 c5 2.Nf3 Nc6 3.d4 cxd4 4.Nxd4 Nf6 5.Nc3 d6 6.Be2 e6 7.O-O Be7 8.Kh1 O-O
9.f4 a6 10.Be3 Qc7 11.Qe1 b5 12.a3 Bb7 13.Nxc6 Bxc6 14.Bf3 Nd7 15.Rd1 Rfe8
16.Qf2 Rab8 17.Ne2 b4 18.axb4 Rxb4 19.Bd4 Bf8 20.Bc3 Rbb8 21.Ng3 Nc5 22.b3 Qb7
23.Rfe1 Nd7 24.Nh5 f6 25.g4 f5 26.Rd4 Nc5 27.Ng3 fxg4 28.Bg2 Qf7 29.e5 Bxg2+
30.Qxg2 dxe5 31.fxe5 h5 32.Rf1 Qg6 33.Rdf4 Be7 34.Ba1 Rf8 35.Bb2 Rxf4 36.Rxf4
Rf8 37.Rxf8+ Bxf8 38.Ba3 Nd7 39.Bxf8 Nxf8 40.Qe2 Qg5 41.Kg2 Ng6 42.Kf2 h4 43.Nf1
Qf4+ 44.Ke1 Nxe5 45.Ne3 Nf3+ 46.Kd1 Qd4+ 47.Qd3 Qa1+ 48.Ke2 Qe1#

[Event "11. Senioren Team Europameiste"]
[Site "Velden - Casino"]
[Date "2009.04.07"]
[Round "3"]
[Board "1"]
[White "Hoen, Ragnar"]
[Black "Ghijsen, Pim"]
[Result "0-1"]
[WhiteElo "2273"]
[BlackElo "2165"]
[PlyCount "102"]
[EventDate "2009.04.05"]
[EventType "team"]
[EventRounds "9"]
[EventCountry "AUT"]
[WhiteTeam "Norwegen 1"]
[BlackTeam "V.A.S. Amsterdam"]

1.e4 c5 2.Nf3 d6 3.d4 cxd4 4.Nxd4 Nf6 5.Nc3 a6 6.Bc4 e6 7.Bb3 Nc6 8.O-O Be7
9.Be3 O-O 10.h3 Qc7 11.f4 b5 12.a3 Na5 13.f5 Nxb3 14.Nxb3 e5 15.Qf3 Bb7 16.Rad1
a5 17.Rf2 b4 18.axb4 axb4 19.Nd5 Bxd5 20.exd5 Qc4 21.g4 Qe4 22.Kg2 Rfc8 23.g5
Qxf3+ 24.Kxf3 Nd7 25.Rg2 Bd8 26.Rdd2 Bb6 27.Rg4 Bxe3 28.Kxe3 Nb6 29.Kf3 Rc4
30.Rxc4 Nxc4 31.Re2 Nxb2 32.Re4 Na4 33.Rxb4 Nc3 34.Rb6 Rd8 35.Na5 e4+ 36.Kf2 e3+
37.Ke1 Nxd5 38.Rb3 Nf4 39.Nc6 Re8 40.Ne7+ Kf8 41.f6 Ra8 42.Rb1 g6 43.Nc6 Ke8
44.Nd4 Kd7 45.Kd1 Kc7 46.h4 Ra4 47.Ne2 Ne6 48.Nc3 Rxh4 49.Ke2 Nxg5 50.Nd5+ Kd7
51.Kxe3 Ke6

[Event "11. Senioren Team Europameiste"]
[Site "Velden - Casino"]
[Date "2009.04.07"]
[Round "3"]
[Board "2"]
[White "Kool, Gerard"]
[Black "Gundersen, Helge"]
[Result "0-1"]
[WhiteElo "2164"]
[BlackElo "2247"]
[PlyCount "82"]
[EventDate "2009.04.05"]
[EventType "team"]
[EventRounds "9"]
[EventCountry "AUT"]
[WhiteTeam "V.A.S. Amsterdam"]
[BlackTeam "Norwegen 1"]

1.Nf3 e6 2.c4 f5 3.g3 Nf6 4.Bg2 Be7 5.d4 d5 6.O-O O-O 7.e3 c6 8.Qc2 Qe8 9.Nbd2
Qh5 10.Ne5 Nbd7 11.Ndf3 Nxe5 12.Nxe5 Bd6 13.Bf3 Qe8 14.Bg2 g5 15.e4 Nxe4 16.Bxe4
fxe4 17.Bxg5 c5 18.Ng4 Qg6 19.h4 cxd4 20.c5 Bc7 21.Qd2 e5 22.h5 Qxh5 23.Nf6+
Rxf6 24.Bxf6 Bh3 25.Rfe1 Ba5 26.Qg5+ Qxg5 27.Bxg5 Bxe1 28.Rxe1 Kf7 29.b4 Kg6
30.Bd2 Bd7 31.Kg2 a6 32.a3 Rf8 33.Rh1 h5 34.Rb1 Bb5 35.Rb2 Rf3 36.Ra2 Bc4 37.Ra1
Rd3 38.Be1 e3 39.fxe3 Rxe3 40.Bf2 Re2 41.Kg1 Kf5

[Event "11. Senioren Team Europameiste"]
[Site "Velden - Casino"]
[Date "2009.04.07"]
[Round "3"]
[Board "3"]
[White "Ulrichsen, Jarl H"]
[Black "Oud, Niek"]
[Result "1-0"]
[WhiteElo "2227"]
[BlackElo "2022"]
[PlyCount "67"]
[EventDate "2009.04.05"]
[EventType "team"]
[EventRounds "9"]
[EventCountry "AUT"]
[WhiteTeam "Norwegen 1"]
[BlackTeam "V.A.S. Amsterdam"]

1.d4 d5 2.Nf3 Nf6 3.c4 e6 4.Nc3 Be7 5.Bg5 O-O 6.e3 h6 7.Bh4 c6 8.Rc1 Nbd7 9.Bd3
dxc4 10.Bxc4 Nd5 11.Bg3 N7f6 12.O-O Nxc3 13.bxc3 Ne4 14.Bf4 Bd6 15.Bxd6 Qxd6
16.Bd3 Nf6 17.Bb1 g6 18.Ne5 Nd7 19.f4 Qe7 20.Rf3 Kg7 21.Rg3 Nxe5 22.fxe5 Bd7
23.Qd3 Be8 24.Rf1 f5 25.exf6+ Rxf6 26.Rxf6 Qxf6 27.Qe4 Bf7 28.h4 Qf5 29.Qxf5
exf5 30.Bxf5 Bxa2 31.Rxg6+ Kf7 32.Rxh6 a5 33.Rh7+ Kf6 34.g4

[Event "11. Senioren Team Europameiste"]
[Site "Velden - Casino"]
[Date "2009.04.07"]
[Round "3"]
[Board "4"]
[White "Holsteijn, Gerrit"]
[Black "Taksrud, Vidar"]
[Result "1-0"]
[WhiteElo "1994"]
[BlackElo "2191"]
[PlyCount "79"]
[EventDate "2009.04.05"]
[EventType "team"]
[EventRounds "9"]
[EventCountry "AUT"]
[WhiteTeam "V.A.S. Amsterdam"]
[BlackTeam "Norwegen 1"]

1.d4 d5 2.c4 c6 3.Nf3 Nf6 4.Nc3 e6 5.g3 Bb4 6.Bd2 O-O 7.Bg2 dxc4 8.O-O a5 9.Qc2
h6 10.Rad1 Nbd7 11.Ne5 Nxe5 12.dxe5 Nd5 13.e4 Nxc3 14.bxc3 Be7 15.Bxh6 Qc7
16.Bf4 b5 17.Qe2 b4 18.Qg4 b3 19.Bh6 Qxe5 20.f4 Qf6 21.Bg5 Qg6 22.h4 e5 23.f5
Bxg5 24.hxg5 f6 25.Qe2 Qxg5 26.Qxc4+ Kh8 27.Kf2 g6 28.Rh1+ Kg7 29.Qc5 Rf7
30.axb3 gxf5 31.Bf3 fxe4 32.Bxe4 Bg4 33.Rh7+ Kg8 34.Qc4 Bh5 35.Rd7 Raf8 36.Rhxf7
Bxf7 37.Qxc6 Bxb3 38.Bd5+ Bxd5 39.Qxd5+ Kh8 40.Qh1+

[Event "11. Senioren Team Europameiste"]
[Site "Velden - Casino"]
[Date "2009.04.07"]
[Round "3"]
[Board "1"]
[White "Van, Geffen Ben"]
[Black "Liebert, Heinz"]
[Result "1/2-1/2"]
[WhiteElo "2134"]
[BlackElo "2250"]
[PlyCount "55"]
[EventDate "2009.04.05"]
[EventType "team"]
[EventRounds "9"]
[EventCountry "AUT"]
[WhiteTeam "Oranjeteam"]
[BlackTeam "Sachsen-Anhalt"]

1.e4 c5 2.Nf3 Nc6 3.d4 cxd4 4.Nxd4 Qc7 5.Nc3 e6 6.Be3 a6 7.Qd2 Nf6 8.O-O-O b5
9.f3 Be7 10.Kb1 O-O 11.g4 d6 12.Nxc6 Qxc6 13.Ne2 Bb7 14.Nd4 Qc7 15.Bd3 Nd7
16.Bg5 Ne5 17.Bxe7 Qxe7 18.h4 d5 19.Qe3 dxe4 20.Bxe4 Nc4 21.Qd3 Bxe4 22.Qxe4
Rac8 23.g5 Rc5 24.f4 Rfc8 25.h5 Nd6 26.Qe3 Nf5 27.Nxf5 Rxf5 28.h6

[Event "11. Senioren Team Europameiste"]
[Site "Velden - Casino"]
[Date "2009.04.07"]
[Round "3"]
[Board "2"]
[White "Hottes, Dieter"]
[Black "Holscher, Peter"]
[Result "1-0"]
[WhiteElo "2163"]
[BlackElo "2066"]
[PlyCount "243"]
[EventDate "2009.04.05"]
[EventType "team"]
[EventRounds "9"]
[EventCountry "AUT"]
[WhiteTeam "Sachsen-Anhalt"]
[BlackTeam "Oranjeteam"]

1.d4 Nf6 2.c4 e6 3.Nf3 b6 4.e3 Bb7 5.Bd3 d5 6.Nc3 Nbd7 7.O-O Be7 8.Qe2 O-O 9.b3
a6 10.Bb2 c5 11.Rfd1 Ra7 12.Rac1 Qa8 13.cxd5 exd5 14.Na4 c4 15.Bb1 Bc6 16.Nc3 b5
17.bxc4 bxc4 18.Ne5 Nb6 19.Nxc6 Qxc6 20.e4 dxe4 21.d5 Qd6 22.Nxe4 Nxe4 23.Qxe4
f5 24.Qf3 g6 25.Qc3 Bf6 26.Ba3 Qd7 27.Qb4 Rb8 28.Rxc4 Rab7 29.Rcc1 Na4 30.Qd6
Qxd6 31.Bxd6 Rd8 32.Bc7 Rd7 33.d6 Nc3 34.Re1 Rb2 35.Bd3 Kf8 36.Bxa6 Nxa2 37.Rb1
Rc2 38.Re2 Rxe2 39.Bxe2 Nc3 40.Rb8+ Kg7 41.Bf3 Ne4 42.Bxe4 fxe4 43.Re8 Bd4
44.Rxe4 Bc5 45.h4 Bxd6 46.Bxd6 Rxd6 47.Re7+ Kg8 48.g3 h5 49.Kg2 Rf6 50.Kf1 Kf8
51.Re5 Kf7 52.Ke2 Ra6 53.Ke3 Kf6 54.Re4 Ra3+ 55.Kf4 Ra5 56.Rb4 Rf5+ 57.Ke3 Re5+
58.Re4 Ra5 59.Rf4+ Kg7 60.Rd4 Kf6 61.Rd6+ Kf5 62.Kf3 Ra3+ 63.Kg2 Ra2 64.Rd4 Kf6
65.Rf4+ Kg7 66.Kh3 Ra3 67.Kg2 Rb3 68.Re4 Kf6 69.Re3 Rb5 70.f4 Kf5 71.Kh3 Ra5
72.Re8 Kf6 73.Kg2 Ra2+ 74.Kf3 Ra3+ 75.Re3 Ra5 76.Rd3 Kf5 77.Rd6 Ra3+ 78.Kf2 Ra2+
79.Ke1 Rg2 80.Rd5+ Kf6 81.Rg5 Ra2 82.f5 gxf5 83.Rxh5 Rh2 84.Kf1 Kg6 85.Rg5+ Kf6
86.Kg1 Ra2 87.Rg8 Kf7 88.Rb8 Kg6 89.Rb4 Rc2 90.Rf4 Rb2 91.Rf2 Rb5 92.Kg2 Rb3
93.Rf3 Rb1 94.Ra3 Rb6 95.Rd3 Ra6 96.Kf3 Rb6 97.Rd4 Ra6 98.Kf4 Rb6 99.Ke5 Rb3
100.Rd6+ Kg7 101.Kf4 Ra3 102.h5 Kh7 103.Rf6 Kg7 104.Rg6+ Kh7 105.Kxf5 Ra5+
106.Kg4 Ra4+ 107.Kh3 Ra3 108.Kh4 Ra1 109.g4 Ra4 110.Rf6 Kg7 111.Rf5 Kh6 112.Rb5
Rc4 113.Re5 Ra4 114.Re6+ Kh7 115.h6 Rb4 116.Kh5 Rb7 117.g5 Rb5 118.Re7+ Kh8
119.Rf7 Kg8 120.h7+ Kh8 121.Kh4 Rxg5?? {Ta4+!!} 122.Rf8+

[Event "11. Senioren Team Europameiste"]
[Site "Velden - Casino"]
[Date "2009.04.07"]
[Round "3"]
[Board "3"]
[White "Arp, Frans"]
[Black "Csulits, Anton"]
[Result "1-0"]
[WhiteElo "2095"]
[BlackElo "2207"]
[PlyCount "71"]
[EventDate "2009.04.05"]
[EventType "team"]
[EventRounds "9"]
[EventCountry "AUT"]
[WhiteTeam "Oranjeteam"]
[BlackTeam "Sachsen-Anhalt"]

1.e4 c5 2.Nf3 Nc6 3.d4 cxd4 4.Nxd4 e5 5.Nb5 d6 6.N1c3 a6 7.Na3 Be6 8.Be2 Be7
9.O-O Nd4 10.Be3 Nxe2+ 11.Qxe2 Nf6 12.Nc4 b5 13.Nb6 Rb8 14.Nbd5 Nxe4 15.Rfd1
Nxc3 16.Nxc3 d5 17.Qh5 Bf6 18.Bc5 Qc7 19.b4 Qc6 20.Qf3 e4 21.Qg3 Rd8 22.a4 d4
23.axb5 axb5 24.Ra7 Bc4 25.Qf4 dxc3 26.Rxd8+ Bxd8 27.Qe5+ Qe6 28.Qb8 h5 29.Ra8
Qd5 30.h3 Rh6 31.Ra7 Re6 32.Rb7 Qd1+ 33.Kh2 Qxc2 34.Qa7 e3 35.Rxf7 Qd3 36.Rf8#

[Event "11. Senioren Team Europameiste"]
[Site "Velden - Casino"]
[Date "2009.04.07"]
[Round "3"]
[Board "1"]
[White "Malmdin, Nils-Ake"]
[Black "Wademark, Helge"]
[Result "1-0"]
[WhiteElo "2260"]
[BlackElo "2102"]
[PlyCount "41"]
[EventDate "2009.04.05"]
[EventType "team"]
[EventRounds "9"]
[EventCountry "AUT"]
[WhiteTeam "Schweden I"]
[BlackTeam "Schweden II"]

1.e4 e6 2.d4 d5 3.e5 c5 4.c3 Nc6 5.Nf3 Qb6 6.a3 cxd4 7.cxd4 Nge7 8.Nc3 Nf5 9.Na4
Qd8 10.Be2 Be7 11.b4 O-O 12.O-O Qe8 13.b5 Na5 14.g4 Nh4 15.Nxh4 Bxh4 16.g5 Qd8
17.f4 f6 18.exf6 gxf6 19.Bd3 Qe7 20.Bd2 b6 21.Bb4

[Event "11. Senioren Team Europameiste"]
[Site "Velden - Casino"]
[Date "2009.04.07"]
[Round "3"]
[Board "2"]
[White "Hallerod, Ralph"]
[Black "Nordstrom, Felix"]
[Result "0-1"]
[WhiteElo "2081"]
[BlackElo "2187"]
[PlyCount "92"]
[EventDate "2009.04.05"]
[EventType "team"]
[EventRounds "9"]
[EventCountry "AUT"]
[WhiteTeam "Schweden II"]
[BlackTeam "Schweden I"]

1.e4 c5 2.Nf3 e6 3.d4 cxd4 4.Nxd4 a6 5.Bd3 Nc6 6.Nxc6 dxc6 7.O-O e5 8.f4 Nf6
9.Kh1 Bc5 10.f5 b5 11.Bg5 Be7 12.Nd2 Bb7 13.a4 Nd7 14.Be3 O-O 15.Rf3 Bg5 16.Bxg5
Qxg5 17.f6 Nxf6 18.Rg3 Qh4 19.Qe2 Ne8 20.Rf1 Qe7 21.Qh5 f6 22.Nf3 Nd6 23.Nh4 Qf7
24.Qe2 c5 25.c3 c4 26.Bc2 Qc7 27.Re3 Rad8 28.g4 g6 29.Nf3 Qe7 30.Qg2 Kg7 31.Kg1
Bc6 32.Ra1 Nb7 33.b4 cxb3 34.Bxb3 Nc5 35.axb5 Nxb3 36.Rb1 Qc5 37.Qf2 Qxb5 38.c4
Qxc4 39.Rbxb3 Rd1+ 40.Ne1 Bxe4 41.Rbc3 Qd4 42.Qe2 Bd5 43.h3 Rf7 44.Ra3 Rd2
45.Qxa6 Qf4 46.Re2 Bc4

[Event "11. Senioren Team Europameiste"]
[Site "Velden - Casino"]
[Date "2009.04.07"]
[Round "3"]
[Board "3"]
[White "Svensson, Leif"]
[Black "Sterner, Johan"]
[Result "1-0"]
[WhiteElo "2158"]
[BlackElo "2041"]
[PlyCount "87"]
[EventDate "2009.04.05"]
[EventType "team"]
[EventRounds "9"]
[EventCountry "AUT"]
[WhiteTeam "Schweden I"]
[BlackTeam "Schweden II"]

1.Nc3 Nf6 2.d4 d5 3.Bg5 Bf5 4.f3 Nbd7 5.Nxd5 Nxd5 6.e4 h6 7.Bh4 Ne3 8.Qd3 Nxf1
9.exf5 Nc5 10.Qc3 Na4 11.Qb3 Nb6 12.Bf2 Nxh2 13.Rxh2 Qd5 14.Qxd5 Nxd5 15.O-O-O
O-O-O 16.c4 Nb6 17.b3 e6 18.fxe6 Ba3+ 19.Kc2 fxe6 20.Ne2 Rhf8 21.Rh4 Rf6 22.Re4
g5 23.Ng3 Bf8 24.Rde1 Kd7 25.Nh5 Rg6 26.g4 a6 27.R1e2 Nc8 28.f4 Nd6 29.R4e3 b6
30.a4 gxf4 31.Nxf4 Rxg4 32.Nxe6 Re8 33.d5 Kc8 34.Rf3 Be7 35.Bd4 Bg5 36.Be5 Bd8
37.Ref2 Ne4 38.Rf8 Rg8 39.Rxe8 Rxe8 40.Rf7 Re7 41.Rf8 Rd7 42.b4 Ng5 43.Bf6 Nf7
44.Bc3

[Event "11. Senioren Team Europameiste"]
[Site "Velden - Casino"]
[Date "2009.04.07"]
[Round "3"]
[Board "4"]
[White "Andersson, Sven-Olof"]
[Black "Nyberg, Ulf"]
[Result "1/2-1/2"]
[WhiteElo "2060"]
[BlackElo "2142"]
[PlyCount "33"]
[EventDate "2009.04.05"]
[EventType "team"]
[EventRounds "9"]
[EventCountry "AUT"]
[WhiteTeam "Schweden II"]
[BlackTeam "Schweden I"]

1.d4 d6 2.g3 g6 3.Bg2 Bg7 4.Nf3 f5 5.O-O Nf6 6.c4 O-O 7.Nc3 Nc6 8.Rb1 e5 9.dxe5
dxe5 10.Bg5 Be6 11.Nd5 e4 12.Nd2 Bxd5 13.cxd5 Qxd5 14.Bxf6 Bxf6 15.Nxe4 Qb5
16.Nxf6+ Rxf6 17.Qd5+

[Event "11. Senioren Team Europameiste"]
[Site "Velden - Casino"]
[Date "2009.04.07"]
[Round "3"]
[Board "1"]
[White "Buerger, Thomas"]
[Black "Winiwarter, Felix"]
[Result "1/2-1/2"]
[WhiteElo "2121"]
[BlackElo "2220"]
[PlyCount "37"]
[EventDate "2009.04.05"]
[EventType "team"]
[EventRounds "9"]
[EventCountry "AUT"]
[WhiteTeam "Kaernten 1"]
[BlackTeam "Niederoesterreich"]

1.e4 e6 2.d4 d5 3.Nd2 Nf6 4.exd5 exd5 5.Bd3 Bd6 6.Ngf3 Nc6 7.O-O O-O 8.c3 Re8
9.Re1 Bg4 10.Rxe8+ Qxe8 11.Nf1 Qd7 12.Ne3 Re8 13.Nxg4 Qxg4 14.Be3 Nd8 15.h3 Qd7
16.Qc2 Ne4 17.Ne5 Qe7 18.Bxe4 dxe4 19.Qxe4

[Event "11. Senioren Team Europameiste"]
[Site "Velden - Casino"]
[Date "2009.04.07"]
[Round "3"]
[Board "2"]
[White "Weinwurm, Wolfgang"]
[Black "Toefferl, Heimo"]
[Result "0-1"]
[WhiteElo "2152"]
[BlackElo "2097"]
[PlyCount "84"]
[EventDate "2009.04.05"]
[EventType "team"]
[EventRounds "9"]
[EventCountry "AUT"]
[WhiteTeam "Niederoesterreich"]
[BlackTeam "Kaernten 1"]

1.e4 e6 2.d4 d5 3.Nc3 Bb4 4.e5 b6 5.Nf3 Qd7 6.Bd3 Ba6 7.O-O Bxd3 8.Qxd3 c5 9.Ne2
cxd4 10.a3 Bf8 11.Nexd4 Ne7 12.Bf4 Nbc6 13.Rfd1 Na5 14.b3 Nec6 15.Nxc6 Qxc6
16.Nd4 Qd7 17.Nb5 a6 18.Nd4 Be7 19.Qg3 g5 20.Bd2 Nb7 21.b4 Rc8 22.Qd3 Rc4
23.Rab1 Nd8 24.Bc3 Qc7 25.Rb3 Kd7 26.Bb2 Nc6 27.Nf3 Kc8 28.b5 Na5 29.bxa6 Nxb3
30.cxb3 Rc2 31.a7 Kb7 32.Bd4 Rc1 33.h3 Rxd1+ 34.Qxd1 h5 35.a4 Rc8 36.Qd3 Qc1+
37.Kh2 g4 38.Nd2 gxh3 39.gxh3 Bc5 40.Nf3 Qf4+ 41.Kg2 Bxd4 42.Qxd4 Rg8+

[Event "11. Senioren Team Europameiste"]
[Site "Velden - Casino"]
[Date "2009.04.07"]
[Round "3"]
[Board "3"]
[White "Puff, Leo"]
[Black "Woeber, Friedrich"]
[Result "1-0"]
[WhiteElo "2032"]
[BlackElo "2153"]
[PlyCount "97"]
[EventDate "2009.04.05"]
[EventType "team"]
[EventRounds "9"]
[EventCountry "AUT"]
[WhiteTeam "Kaernten 1"]
[BlackTeam "Niederoesterreich"]

1.d4 Nf6 2.Nf3 g6 3.c4 Bg7 4.Nc3 O-O 5.Bf4 d5 6.e3 c5 7.Be2 Nc6 8.dxc5 Qa5 9.O-O
dxc4 10.Bxc4 Qxc5 11.Be2 e5 12.Bg3 Rd8 13.Qc1 Bf5 14.Nd2 Rac8 15.Bh4 Qb4 16.Bxf6
Bxf6 17.a3 Qe7 18.Bc4 Na5 19.Ba2 Bd3 20.Rd1 e4 21.Nd5 Qe5 22.Nc3 Qe7 23.Nd5 Qd6
24.Nc3 Bxc3 25.Nxe4 Qb6 26.Nxc3 Nb3 27.Bxb3 Qxb3 28.a4 Qe6 29.Rd2 Rd7 30.Qe1
Rcd8 31.Rad1 Bc4 32.Rxd7 Rxd7 33.Rxd7 Qxd7 34.Qd1 Qxd1+ 35.Nxd1 a5 36.f3 Kf8
37.Kf2 Ke7 38.Nc3 f5 39.Ke1 Kd6 40.Kd2 Kc5 41.Kc2 Kb4 42.h4 Bb3+ 43.Kd3 Bxa4
44.Nxa4 Kxa4 45.Kc4 b5+ 46.Kc3 h6 47.e4 fxe4 48.fxe4 g5 49.e5

[Event "11. Senioren Team Europameiste"]
[Site "Velden - Casino"]
[Date "2009.04.07"]
[Round "3"]
[Board "4"]
[White "Strobel, Ferdinand"]
[Black "Raschun, Gerhard"]
[Result "0-1"]
[WhiteElo "2209"]
[BlackElo "1989"]
[PlyCount "40"]
[EventDate "2009.04.05"]
[EventType "team"]
[EventRounds "9"]
[EventCountry "AUT"]
[WhiteTeam "Niederoesterreich"]
[BlackTeam "Kaernten 1"]

1.f4 e6 2.Nf3 d5 3.g3 Nf6 4.Bg2 c5 5.O-O Nc6 6.c3 Be7 7.d3 O-O 8.h3 Qc7 9.Na3 a6
10.Qe1 b5 11.Nc2 Bb7 12.Qf2 Rad8 13.Be3 Nd7 14.Rac1 Rc8 15.g4 f6 16.Nh4 Bd6
17.Nf5 exf5 18.Bxd5+ Kh8 19.gxf5 Ne7 20.Be6 Rce8

[Event "11. Senioren Team Europameiste"]
[Site "Velden - Casino"]
[Date "2009.04.07"]
[Round "3"]
[Board "2"]
[White "Schwertel, Johann"]
[Black "Bukacek, Emil"]
[Result "1/2-1/2"]
[WhiteElo "1987"]
[BlackElo "2211"]
[PlyCount "45"]
[EventDate "2009.04.05"]
[EventType "team"]
[EventRounds "9"]
[EventCountry "AUT"]
[WhiteTeam "Rheno Palatinat"]
[BlackTeam "Wien 2"]

1.d4 f5 2.g3 Nf6 3.Bg2 g6 4.Nf3 Bg7 5.O-O O-O 6.c3 e6 7.Nbd2 Qe7 8.Qc2 d5 9.Ne5
Nbd7 10.Ndf3 c5 11.Nxd7 Nxd7 12.Bg5 Bf6 13.Bxf6 Qxf6 14.e3 b6 15.Qa4 Qe7 16.Rfe1
Bb7 17.b4 c4 18.Qc2 Qd6 19.Nd2 Qc7 20.f4 a6 21.a4 Rae8 22.a5 b5 23.Nf3

[Event "11. Senioren Team Europameiste"]
[Site "Velden - Casino"]
[Date "2009.04.07"]
[Round "3"]
[Board "1"]
[White "Watzka, Horst"]
[Black "Clemens, Christian Dr"]
[Result "1-0"]
[WhiteElo "2324"]
[BlackElo "2291"]
[PlyCount "58"]
[EventDate "2009.04.05"]
[EventType "team"]
[EventRounds "9"]
[EventCountry "AUT"]
[WhiteTeam "Steiermark"]
[BlackTeam "Niedersachsen"]

1.e4 d5 2.exd5 Nf6 3.d4 Nxd5 4.Nf3 Bg4 5.h3 Bh5 6.c4 Nb6 7.Nc3 e6 8.Be3 Be7 9.g4
Bg6 10.Ne5 O-O 11.Bg2 c6 12.Qb3 Qc8 13.h4 N8d7 14.h5 Nxe5 15.dxe5 Bd3 16.Bxb6
axb6 17.Rd1 Rd8 18.Rh3 Bxc4 19.Qxc4 b5 20.Qb3 b4 21.Rxd8+ Qxd8 22.Ne2 Qa5 23.f4
c5 24.Kf1 Qxa2 25.Bxb7 Qxb3 26.Rxb3 Ra2 27.Rd3 Rxb2 28.Rd7 Kf8 29.Be4 h6

[Event "11. Senioren Team Europameiste"]
[Site "Velden - Casino"]
[Date "2009.04.07"]
[Round "3"]
[Board "2"]
[White "Dornieden, Manfred"]
[Black "Nickl, Klaus"]
[Result "1-0"]
[WhiteElo "2264"]
[BlackElo "2150"]
[PlyCount "61"]
[EventDate "2009.04.05"]
[EventType "team"]
[EventRounds "9"]
[EventCountry "AUT"]
[WhiteTeam "Niedersachsen"]
[BlackTeam "Steiermark"]

1.c4 Nf6 2.g3 g6 3.Bg2 Bg7 4.e4 d6 5.Ne2 e5 6.d4 O-O 7.O-O c6 8.Nbc3 Na6 9.h3
Be6 10.d5 cxd5 11.Nxd5 Nxd5 12.cxd5 Bd7 13.Be3 f5 14.exf5 Bxf5 15.Nc3 b6 16.g4
Bd7 17.Qd2 Nc5 18.b4 Na4 19.Ne4 Bb5 20.Rfc1 Rf4 21.Bxf4 exf4 22.Qxf4 Be5 23.Qd2
Bxa1 24.Rxa1 Rc8 25.Rc1 Rxc1+ 26.Qxc1 Bd3 27.Ng5 b5 28.Ne6 Qe7 29.Qc8+ Kf7
30.Qh8 Nb6 31.Nd8+

[Event "11. Senioren Team Europameiste"]
[Site "Velden - Casino"]
[Date "2009.04.07"]
[Round "3"]
[Board "1"]
[White "Ozbilen, Hayri"]
[Black "Villing, Dieter"]
[Result "0-1"]
[WhiteElo "2103"]
[BlackElo "2220"]
[PlyCount "112"]
[EventDate "2009.04.05"]
[EventType "team"]
[EventRounds "9"]
[EventCountry "AUT"]
[WhiteTeam "Turkiye"]
[BlackTeam "Stiftung Bahn-Sozialwerk/DBAG I"]

1.e4 c5 2.Nf3 Nc6 3.d3 g6 4.g3 Bg7 5.Bg2 d6 6.O-O Bg4 7.h3 Bd7 8.Nc3 Rb8 9.a4 a6
10.Be3 b5 11.axb5 axb5 12.Qd2 b4 13.Nd1 Nd4 14.Kh2 Qb6 15.Ne1 Nf6 16.Bh6 O-O
17.Bxg7 Kxg7 18.Ne3 Bc6 19.f4 Nd7 20.Nf3 Nxf3+ 21.Bxf3 Ra8 22.Nc4 Qc7 23.Ne3
Rxa1 24.Rxa1 Ra8 25.Qc1 Qb7 26.Bg2 e6 27.b3 d5 28.exd5 exd5 29.Qb2+ d4 30.Re1
Nf6 31.Bxc6 Qxc6 32.Ng2 Qf3 33.g4 Qf2 34.Qb1 Nd5 35.Rf1 Qe2 36.Re1 Qf2 37.Rf1
Qe2 38.Re1 Qd2 39.Rd1 Qc3 40.Kg3 Ne3 41.Nxe3 dxe3 42.Kf3 Qd4 43.Re1 h5 44.Qc1
Qd5+ 45.Kg3 h4+ 46.Kh2 Ra2 47.Rxe3 Qxb3 48.Re2 Qc3 49.Qd1 Qd4 50.Qf1 b3 51.f5
Rxc2 52.Kh1 Qxd3 53.fxg6 Qd5+ 54.Kg1 Qd4+ 55.Kh1 Qf6 56.Kg2 Qxf1+

[Event "11. Senioren Team Europameiste"]
[Site "Velden - Casino"]
[Date "2009.04.07"]
[Round "3"]
[Board "2"]
[White "Kugelmann, Werner"]
[Black "Muratoglu, Salih"]
[Result "1-0"]
[WhiteElo "2190"]
[BlackElo "2105"]
[PlyCount "79"]
[EventDate "2009.04.05"]
[EventType "team"]
[EventRounds "9"]
[EventCountry "AUT"]
[WhiteTeam "Stiftung Bahn-Sozialwerk/DBAG I"]
[BlackTeam "Turkiye"]

1.e4 c6 2.d4 d5 3.e5 Bf5 4.h4 h5 5.c4 e6 6.Nc3 Ne7 7.Bg5 Qb6 8.Qd2 dxc4 9.Bxc4
Nd5 10.Nge2 Nd7 11.O-O f6 12.Bf4 fxe5 13.dxe5 Be7 14.Bg5 Nxe5 15.Bxd5 cxd5
16.Bxe7 Kxe7 17.Qg5+ Kd6 18.Nxd5 Qd8 19.Qf4 exd5 20.Qxf5 Rf8 21.Qh3 Qd7 22.Qa3+
Kc7 23.Rac1+ Nc6 24.Nd4 Rf6 25.Rfe1 Re8 26.Rxe8 Qxe8 27.Qxa7 Qd7 28.b4 Kd8
29.Qa8+ Ke7 30.Re1+ Kf7 31.Nf3 Rxf3 32.gxf3 Nd4 33.Re3 Nf5 34.Rd3 Nxh4 35.Qa5 b5
36.Qa8 d4 37.Ra3 Qf5 38.Qc6 d3 39.Qc7+ Kg6 40.Qd6+

[Event "11. Senioren Team Europameiste"]
[Site "Velden - Casino"]
[Date "2009.04.07"]
[Round "3"]
[Board "3"]
[White "Kayaman, Metin"]
[Black "Fleuch, Hans-Juergen"]
[Result "0-1"]
[WhiteElo "1974"]
[BlackElo "2123"]
[PlyCount "132"]
[EventDate "2009.04.05"]
[EventType "team"]
[EventRounds "9"]
[EventCountry "AUT"]
[WhiteTeam "Turkiye"]
[BlackTeam "Stiftung Bahn-Sozialwerk/DBAG I"]

1.d4 Nc6 2.Nf3 d5 3.c4 Nf6 4.Nc3 e6 5.Bg5 Be7 6.e3 O-O 7.Be2 b6 8.O-O Na5 9.cxd5
exd5 10.Ne5 Bb7 11.Qa4 Ne4 12.Nxe4 Bxg5 13.Nxg5 Qxg5 14.f4 Qe7 15.b4 Nc4 16.Bxc4
dxc4 17.Nxc4 Qe4 18.Rf2 Qe6 19.Rc1 Bd5 20.f5 Qh6 21.Qa3 Qg5 22.Ne5 f6 23.Nf3
Qxf5 24.Rxc7 a6 25.Nd2 Qe6 26.Nf3 Bc4 27.Nd2 Bd5 28.Rc2 Rfe8 29.Nf1 Qe4 30.Rc7
Qe6 31.Rfc2 h5 32.Qb2 Be4 33.Rd2 h4 34.h3 Bd5 35.a3 Bc4 36.Qc3 b5 37.Rd1 Rad8
38.Re1 Bd5 39.Nd2 Qf5 40.Qc2 Qg5 41.e4 Qg3 42.Re2 Qxa3 43.Nb1 Qxb4 44.exd5 Rxe2
45.Qxe2 Qxb1+ 46.Kh2 Qg6 47.Qe6+ Kh7 48.Re7 f5 49.Qxg6+ Kxg6 50.Re6+ Kf7 51.Rxa6
Rb8 52.Ra7+ Kf6 53.Ra6+ Ke7 54.Re6+ Kd7 55.Rg6 b4 56.Rxg7+ Kd6 57.Ra7 b3 58.Ra1
b2 59.Rb1 Kxd5 60.g4 f4 61.Kg2 Rb3 62.g5 Kxd4 63.g6 Rg3+ 64.Kh2 Kc3 65.g7 Rxg7
66.Rc1+ bxc1=N

[Event "11. Senioren Team Europameiste"]
[Site "Velden - Casino"]
[Date "2009.04.07"]
[Round "3"]
[Board "4"]
[White "Hollstein, Joachim"]
[Black "Baboglu, Ibrahim"]
[Result "1-0"]
[WhiteElo "2006"]
[BlackElo "1935"]
[PlyCount "65"]
[EventDate "2009.04.05"]
[EventType "team"]
[EventRounds "9"]
[EventCountry "AUT"]
[WhiteTeam "Stiftung Bahn-Sozialwerk/DBAG I"]
[BlackTeam "Turkiye"]

1.d4 Nf6 2.Nf3 e6 3.Nbd2 d5 4.e3 c6 5.Bd3 Be7 6.O-O Nbd7 7.Re1 O-O 8.e4 dxe4
9.Nxe4 Nxe4 10.Rxe4 g6 11.Bh6 Re8 12.Ne5 Bg5 13.Bxg5 Qxg5 14.f4 Qh6 15.Qf3 Nf6
16.Re2 Rd8 17.g4 Qg7 18.c3 Nd7 19.Rae1 Nxe5 20.fxe5 Bd7 21.g5 Rac8 22.Be4 Rc7
23.Qf4 Be8 24.Bg2 Rcd7 25.b4 Qf8 26.Re3 Qe7 27.Rh3 Qf8 28.Ree3 h5 29.gxh6 Kh7
30.Be4 a5 31.Bxg6+ Kxg6 32.Qf6+ Kh7 33.Reg3